| 000 | 00480ntaaa2200181 4500 | ||
|---|---|---|---|
| 003 | 01 | ||
| 005 | 20251027201510.0 | ||
| 008 | 0714s1973 ag 01 | ||
| 040 |
_aAR-BaBN _bspa _cAR-BaBN _eaacr _dRIC |
||
| 082 | _a227.2000 H42 | ||
| 100 | _aHering, Jean | ||
| 245 | _aFirst Epistle of Saint Paul to the Corinthians | ||
| 250 |
_a1 ed. : _bEpworth Press, _cc/962 |
||
| 300 | _axii, 187 p. | ||
| 650 | _aBiblia-Nuevo Testamento-Corintios | ||
| 650 |
_aCorintios _910020 |
||
| 942 | _cBK | ||
| 999 |
_c9578 _d9578 |
||